000 00710nam a2200241Ia 4500
003 OSt
005 20220924115228.0
006 a|||||r|||| 00| 0
007 ta
008 220923b |||||||| |||| 00| 0 ben d
020 _c250
024 _a233318
037 _bM/2008/17, 08/02/2008, Mukta Dhara
_cTextual
040 _aARTS
_cARTS
_bben
041 _2ben
_aben
082 _aO157,3N361.MA, N9
100 _aMukhagadhyay Shrimendu
_9177294
245 0 _aManobjamin
260 _aDelhi
_bAnand India
_c1999
650 _aBENGALI LITERATURE
942 _hO157,3N361.MA, N9
_cTEXL
_2CC
999 _c397343
_d397343